000 00518nam a22001937a 4500
003 MPLRDC
005 20220104150918.0
008 210129b ||||| |||| 00| 0 eng d
020 _a957-9411-19-0
082 _a415.8 CKDX
100 _a国立成功大学医学院附设医院泌尿部编
245 _ae世代应认识的泌尿疾病
_c
250 _a初版
260 _a
_b爱欣文化
_c2001
300 _b
490 _a生活医学丛书. 20
650 _a泌尿生殖系病
942 _cBK
_o415.8 CKDX
999 _c52103
_d52093